|
|
|
|
| LEADER |
02812ncm a2200637 i 4500 |
| 001 |
nkc20162859098 |
| 003 |
CZ PrNK |
| 005 |
20170328122246.0 |
| 007 |
qu |
| 008 |
170106s2016 xr mua g h nn lat |
| 015 |
|
|
|a cnb002859098
|
| 024 |
2 |
|
|a 979-0-9004038-0-3
|q (Kolegium pro duchovní hudbu ;
|q brožováno)
|
| 024 |
2 |
|
|a 979-0-706566-00-9
|q (Artis Fontes ;
|q brožováno)
|
| 040 |
|
|
|a ABA001
|b cze
|e rda
|
| 043 |
|
|
|a e-xr---
|
| 045 |
|
|
|a v-w-
|
| 047 |
|
|
|a mo
|a cc
|
| 048 |
|
|
|b va01
|b vc01
|b vd01
|b vf01
|a ca04
|a ob
|
| 072 |
|
7 |
|a 784
|x Vokální hudba
|2 Konspekt
|9 9
|
| 080 |
|
|
|a 783.4
|2 MRF
|
| 080 |
|
|
|a 783.23
|2 MRF
|
| 080 |
|
|
|a 78.089.6
|2 MRF
|
| 100 |
1 |
|
|a Ryba, Jakub Jan,
|d 1765-1815
|7 jk01103232
|4 cmp
|
| 245 |
1 |
0 |
|a Motectum in e & C :
|b Festo S: Bartholomæi accommodatum 1812 ; Graduale in C : pro Festo S: Bartholomæi 1813 /
|c Jakub Jan Ryba
|
| 250 |
|
|
|a První vydání
|
| 264 |
|
1 |
|a Klatovy :
|b Kolegium pro duchovní hudbu ;
|a Plzeň :
|b Artis Fontes,
|c 2016
|
| 300 |
|
|
|a 1 partitura (19, 19, 20 stran) ;
|c 30 cm
|
| 336 |
|
|
|a zápis hudby
|b ntm
|2 rdacontent
|
| 337 |
|
|
|a bez média
|b n
|2 rdamedia
|
| 338 |
|
|
|a svazek
|b nc
|2 rdacarrier
|
| 382 |
0 |
1 |
|b soprán
|n 1
|b alt
|n 1
|b tenor
|n 1
|b bas
|n 1
|a smíšený sbor
|a komorní orchestr
|
| 490 |
1 |
|
|a Musica antiqua Bohemiæ occidentalis ;
|v tomus 1
|
| 500 |
|
|
|a Úvodní text "Rybovi kompozice k oslavám patrocinia plzeňské katedrály sv. Bartoloměje v letech 1812 a 1813" napsal Vít Aschenbrenner
|
| 500 |
|
|
|a Obsahuje též soupis "Rybovy skladby věnované Plzni na základě Němečkova tematického katalogu děl Jakuba Jana Ryby"
|
| 648 |
|
7 |
|a 18.-19. století
|7 ch757018
|2 czenas
|
| 650 |
0 |
7 |
|a moteta
|7 ph122993
|z Česko
|y 18.-19. století
|2 czenas
|
| 650 |
0 |
7 |
|a graduale
|7 ph224345
|z Česko
|y 18.-19. století
|2 czenas
|
| 650 |
0 |
9 |
|a motets
|z Czechia
|y 18th-19th centuries
|2 eczenas
|
| 650 |
0 |
9 |
|a graduals (music)
|z Czechia
|y 18th-19th centuries
|2 eczenas
|
| 655 |
|
7 |
|a moteta
|7 fd979969
|2 czenas
|
| 655 |
|
7 |
|a graduale
|7 fd979864
|2 czenas
|
| 655 |
|
7 |
|a partitury
|7 fd185981
|2 czenas
|
| 655 |
|
9 |
|a motets
|2 eczenas
|
| 655 |
|
9 |
|a scores
|2 eczenas
|
| 700 |
1 |
|
|a Aschenbrenner, Vít,
|d 1977-
|7 xx0067019
|4 wfw
|
| 700 |
1 |
2 |
|i Obsahuje (dílo):
|a Ryba, Jakub Jan,
|d 1765-1815.
|t Motectum Festo S. Bartholomaei accomofatum,
|n N. 153
|
| 700 |
1 |
2 |
|i Obsahuje (dílo):
|a Ryba, Jakub Jan,
|d 1765-1815.
|t Graduale pro Festo S. Bartholomaei,
|n N. 154
|
| 830 |
|
0 |
|a Musica antiqua Bohemiae occidentalis
|
| 910 |
2 |
|
|a BOA001
|b Mus4-1378.647
|
| 990 |
|
|
|a MU
|
| 995 |
|
|
|a 01
|
| 991 |
|
|
|b 201701
|c NOV
|
| 925 |
|
|
|a soprán; alt; tenor; bas; smíšený sbor, komorní orchestr
|b S; A; T; B; SATB, orch cam
|
| 926 |
|
|
|a N. 153
|
| 926 |
|
|
|a N. 154
|
| 996 |
6 |
|
|b 2610694375
|c Mus4-1378.647
|l MZK
|r Sklad / do 1 hodiny
|n 0
|p p.v.
|w 001595488
|u 000010
|a 1
|e BOA001
|j MZK50
|s P
|